Name That WWE Tag Team #4 - Statistics

General Stats
  • This quiz has been taken 401 times
  • The average score is 9 of 20
Answer Stats
Wrestlers Team Name % Correct
Daniel Bryan & Kane Team Hell No
88%
Animal & Hawk The Legion of Doom
85%
Bret Hart & Jim Neidhart The Hart Foundation
75%
Goldust & R-Truth The Golden Truth
69%
Johnny Nitro & Joey Mercury MNM
66%
Butch & Luke The Bushwhackers
65%
The Miz & R-Truth The Awesome Truth
63%
Ryback & Curtis Axel Rybaxel
51%
Naomi & Cameron The Funkadactyls
45%
Stone Cold Steve Austin & Triple H The Two-Man Power Trip
44%
Rene Dupree & Sylvain Grenier La Resistance
34%
Tyler Bate & Trent Seven Mustache Mountain
34%
Cody Rhodes & Damien Sandow Team Rhodes Scholars
33%
Heath Slater & Titus O'Neil Slater-Gator
27%
Akeem & The Big Boss Man The Twin Towers
25%
Hercules & Paul Roma Power and Glory
24%
Brodus Clay & Tensai Tons of Funk
23%
Lex Luger & The British Bulldog The Allied Powers
17%
Cody Rhodes & Drew McIntyre The Dashing Ones
15%
Trent Barreta & Caylen Croft The Dudebusters
14%
No matching quizzes found
Score Distribution
Percent of People with Each Score
Percentile by Number Answered
Your Score History
You have not taken this quiz